<?xml version="1.0" encoding="UTF-8"?>
<record
    xmlns:xsi="http://www.w3.org/2001/XMLSchema-instance"
    xsi:schemaLocation="http://www.loc.gov/MARC21/slim http://www.loc.gov/standards/marcxml/schema/MARC21slim.xsd"
    xmlns="http://www.loc.gov/MARC21/slim">

  <leader>00945cam a2200301 i 4500</leader>
  <controlfield tag="001">1030035</controlfield>
  <controlfield tag="003">YEEZEN</controlfield>
  <controlfield tag="005">20260410142627.0</controlfield>
  <controlfield tag="008">210809s2021    ch a   g      000 e chi d</controlfield>
  <datafield tag="020" ind1=" " ind2=" ">
    <subfield code="a">9789570859287</subfield>
    <subfield code="q">(&#x5E73;&#x88DD;) :</subfield>
    <subfield code="c">NT$340</subfield>
  </datafield>
  <datafield tag="040" ind1=" " ind2=" ">
    <subfield code="a">AS</subfield>
    <subfield code="b">chi</subfield>
    <subfield code="e">rda</subfield>
    <subfield code="c">AS</subfield>
    <subfield code="d">PTTCL</subfield>
  </datafield>
  <datafield tag="041" ind1="0" ind2=" ">
    <subfield code="a">chi</subfield>
  </datafield>
  <datafield tag="042" ind1=" " ind2=" ">
    <subfield code="a">nbic</subfield>
  </datafield>
  <datafield tag="082" ind1=" " ind2=" ">
    <subfield code="a">863.55</subfield>
  </datafield>
  <datafield tag="084" ind1=" " ind2=" ">
    <subfield code="a">863.55</subfield>
  </datafield>
  <datafield tag="090" ind1=" " ind2=" ">
    <subfield code="a">863.55</subfield>
  </datafield>
  <datafield tag="100" ind1="0" ind2=" ">
    <subfield code="a">&#x80D6;&#x9CE5;</subfield>
  </datafield>
  <datafield tag="245" ind1="1" ind2="0">
    <subfield code="a">&#x9019;&#x88E1;&#x6C92;&#x6709;&#x82F1;&#x96C4; :</subfield>
    <subfield code="b">&#x6025;&#x8A3A;&#x5BA4;&#x91AB;&#x5E2B;&#x7684;COVID-19&#x4E00;&#x7DDA;&#x6230;&#x8A18; = Emergency doctors' frontline battles against COVID-19 /</subfield>
    <subfield code="c">&#x80D6;&#x9CE5;&#x8457;</subfield>
  </datafield>
  <datafield tag="246" ind1="1" ind2=" ">
    <subfield code="a">&#x6025;&#x8A3A;&#x5BA4;&#x91AB;&#x5E2B;&#x7684;COVID-19&#x4E00;&#x7DDA;&#x6230;&#x8A18;</subfield>
  </datafield>
  <datafield tag="246" ind1="3" ind2="1">
    <subfield code="a">Emergency doctors' frontline battles against COVID-19.</subfield>
  </datafield>
  <datafield tag="250" ind1=" " ind2=" ">
    <subfield code="a">&#x521D;&#x7248;</subfield>
  </datafield>
  <datafield tag="260" ind1=" " ind2=" ">
    <subfield code="a">&#x65B0;&#x5317;&#x5E02; :</subfield>
    <subfield code="b">&#x806F;&#x7D93;&#x51FA;&#x7248; :</subfield>
    <subfield code="b">&#x806F;&#x5408;&#x767C;&#x884C;&#x7E3D;&#x7D93;&#x92B7;,</subfield>
    <subfield code="c">2021.07.</subfield>
  </datafield>
  <datafield tag="300" ind1=" " ind2=" ">
    <subfield code="a">[8], 287 &#x9762; :</subfield>
    <subfield code="b">&#x5F69;&#x5716; ;</subfield>
    <subfield code="c">21 &#x516C;&#x5206;</subfield>
  </datafield>
  <datafield tag="490" ind1="0" ind2=" ">
    <subfield code="a">&#x806F;&#x7D93;&#x6587;&#x5EAB;</subfield>
  </datafield>
  <datafield tag="650" ind1=" " ind2="7">
    <subfield code="a">&#x81FA;&#x7063;&#x6587;&#x5B78;</subfield>
    <subfield code="2">lcstt.</subfield>
  </datafield>
  <datafield tag="650" ind1=" " ind2="7">
    <subfield code="a">&#x6563;&#x6587;</subfield>
    <subfield code="2">lcstt.</subfield>
  </datafield>
  <datafield tag="942" ind1=" " ind2=" ">
    <subfield code="2">ccl</subfield>
    <subfield code="c">BOOK</subfield>
  </datafield>
  <datafield tag="999" ind1=" " ind2=" ">
    <subfield code="c">7706</subfield>
    <subfield code="d">7706</subfield>
  </datafield>
  <datafield tag="952" ind1=" " ind2=" ">
    <subfield code="0">0</subfield>
    <subfield code="1">0</subfield>
    <subfield code="2">ccl</subfield>
    <subfield code="4">0</subfield>
    <subfield code="7">0</subfield>
    <subfield code="a">yeezen</subfield>
    <subfield code="b">yeezen</subfield>
    <subfield code="c">YEEZEN</subfield>
    <subfield code="d">2026-04-10</subfield>
    <subfield code="l">0</subfield>
    <subfield code="o">863.55</subfield>
    <subfield code="p">C03289</subfield>
    <subfield code="r">2026-04-10 00:00:00</subfield>
    <subfield code="w">2026-04-10</subfield>
    <subfield code="y">BOOK</subfield>
    <subfield code="z">&#x9019;&#x662F;&#x4E00;&#x9996;&#x6025;&#x8A3A;&#x4E4B;&#x8A69;&#xFF0C;&#x4E00;&#x66F2;&#x91AB;&#x7642;&#x524D;&#x7DDA;&#x91AB;&#x5E2B;&#x4E4B;&#x6B4C;&#x3002; &#x4ED6;&#x5011;&#x61A4;&#x6012;&#x3001;&#x6182;&#x50B7;&#x3001;&#x7126;&#x8E81;&#xFF0C;&#x537B;&#x59CB;&#x7D42;&#x7DCA;&#x63E1;&#x5E0C;&#x671B;&#x7684;&#x87A2;&#x5149;&#xFF0C; &#x5728;&#x7121;&#x6578;&#x6B21;&#x7D55;&#x671B;&#x4E2D;&#xFF0C;&#x6D74;&#x706B;&#x91CD;&#x751F;&#x3002; &#x66B4;&#x8D77;&#x7684;&#x75AB;&#x60C5;&#x662F;&#x731B;&#x7378;&#xFF0C;&#x5B83;&#x7121;&#x5F62;&#x3001;&#x7121;&#x9AD4;&#x3001;&#x7121;&#x5FC3;&#xFF0C;&#x800C;&#x4EBA;&#x8981;&#x9762;&#x5C0D;&#x7684;&#xFF0C;&#x662F;&#x5B83;&#x5FB9;&#x5E95;&#x7684;&#x7121;&#x60C5;&#x3002; &#x5728;&#x91AB;&#x7642;&#x73FE;&#x5834;&#xFF0C;&#x6C92;&#x6709;&#x795E;&#x8207;&#x82F1;&#x96C4;&#xFF0C;&#x53EA;&#x6709;&#x8207;&#x6B7B;&#x4EA1;&#x5C0D;&#x6297;&#x7684;&#x4EBA;&#x3002;</subfield>
  </datafield>
</record>
